Standardní daňové úlevy a inflace

Novela zákona o dani z príjmu (1994) obsahuje aj zmenu čiastky nezdaniteľného minima a ďalších daňových úľav. Daňové úľavy bývajú poskytované 3 spôsobmi: 1. vyňatím zo základu dane, 2. aplikáciou nulovej medznej sadzby na najnižšie daňové pásmo, 3. daňovým zápočtom. Príklady. Voľba formy úľavy. Pôso...

Full description

Saved in:
Bibliographic Details
Main Author: Kinkor, Jiří
Format: Book Chapter
Language:Czech
Subjects:
Tags: Add Tag
No Tags, Be the first to tag this record!

MARC

LEADER 00000naa a2200000 4500
001 r016734
005 20221205090254.9
041 0 |a cze 
044 |a CZ 
245 1 0 |a Standardní daňové úlevy a inflace  |c J. Kinkor 
520 |a Novela zákona o dani z príjmu (1994) obsahuje aj zmenu čiastky nezdaniteľného minima a ďalších daňových úľav. Daňové úľavy bývajú poskytované 3 spôsobmi: 1. vyňatím zo základu dane, 2. aplikáciou nulovej medznej sadzby na najnižšie daňové pásmo, 3. daňovým zápočtom. Príklady. Voľba formy úľavy. Pôsobenie inflácie. Voľba valorizačného indexu. Implikácia pre fiškálnu politiku. 
610 2 0 |a úľavy daňové 
610 2 0 |a zákony 
610 2 0 |a Česko 
610 2 0 |a 1994 
610 2 0 |a dane z príjmov 
610 2 0 |a inflácia 
610 2 0 |a politika fiškálna 
100 1 |a Kinkor, Jiří